000 002230000a22000970004500
100 1 _aTersteegen, Gerhard
245 1 0 _aConstraining love
300 _aVol. 21, Núm 2 2003), Páginas 34-36
773 0 _tEvangel
942 _cANA
999 _c54353
_d54353